000 00540nam a2200181 i 4500
001 141141
003 ES-MaACL
005 20250806063132.0
007 t|
008 070919s1955 sp ||||1| spa d
100 1 _aRodríguez de Yurre, Gregorio,
_d1913-1989
_998480
245 1 0 _aTeología de los sistemas sociales /
_cGregorio R. de Yurre.
260 _aVitoria :
_bEdit. del Seminario,
_c1955.
300 _a116 p. ;
_c24 cm.
650 7 _aSociología
_2embne
_917195
852 _aES-MaACL
_jC-9931
_bR.38138
999 _c141141
_d141141